| 000 | 00568nam a2200181Ia 4500 | ||
|---|---|---|---|
| 003 | GCL | ||
| 008 | 140319s9999 xx 000 0 ara d | ||
| 040 |
_aGCL / _cGCL |
||
| 082 | 0 | 4 |
_a375.001 _bم م |
| 100 | 1 | _aمحبات ابو عميرة | |
| 245 | 1 | 0 |
_aالمتفوقون والرياضيات (دراسات تطبيقية) / _cمحبات ابو عميرة |
| 300 | _a296 | ||
| 490 |
_a100 قصة _v0 |
||
| 650 | 0 | 4 | _aالتعليم - مناهج |
| 650 | 0 | 4 | _aالرياضيات - طرق التدريس |
| 650 | 0 | 4 | _aالمناهج - تطوير |
| 942 |
_2ddc _cBK |
||
| 999 |
_c44137 _d44137 |
||